000 00251nam a22001217a 4500
008 171127b xxu||||| |||| 00| 0 eng d
041 _aeng
080 _a030
100 _a23
101 _aENC
245 _aENCYCLOPEDIA
_cWEBSTER'S
942 _2udc
_cBK
999 _c38548
_d38548